Score 0/50 Timer 08:00
0 Plays Today
Population City % Correct
1,977,663Algiers
97.8%
645,984Oran
93.3%
450,097Constantine
86.7%
206,570Annaba
86.7%
288,461Setif
71.1%
182,447Blida
71.1%
280,798Batna
68.9%
132,341Tlemcen
64.4%
178,616Chlef
57.8%
307,987Biskra
55.6%
130,000Mostaganem
55.6%
164,103Bejaia
53.3%
162,702Skikda
53.3%
191,769Sidi Bel Abbes
51.1%
634,332Tebessa
48.9%
178,915Tiaret
48.9%
129,402Ouargla
48.9%
148,004Jijel
46.7%
134,699El Oued
44.4%
154,265Djelfa
42.2%
150,009Mascara
37.8%
127,497Saida
37.8%
156,745Souk Ahras
35.6%
144,011Tizi Ouzou
35.6%
130,094Relizane
35.6%
Population City % Correct
117,003Khenchela
35.6%
168,346Bordj Bou Arreridj
33.3%
143,382Bechar
33.3%
113,872Laghouat
33.3%
99,998M'Sila
31.6%
147,707Medea
28.9%
123,590Guelma
28.9%
128,351El Eulma
26.7%
118,687Ain Oussera
17.8%
83,746El Khroub
15.8%
786,499Boumerdas
13.3%
275,630Bab Ezzouar
13.3%
98,846Barika
13.2%
105,402Baraki
11.1%
99,485Messaad
7.9%
123,246Bordj el Kiffan
6.7%
80,573Berrouaghia
5.3%
100,821Oum El Bouaghi
5.3%
93,423Ghardaïa
5.3%
84,683Aflou
5.3%
167,955Ech Chettia
4.4%
105,765Ain Beda
4.4%
92,749Beni Mered
2.6%
80,784Rouissat
2.6%
158,333El Achir
2.2%
Remove Ads.
Support Sporcle.
Get the best of Sporcle when you Go Orange. This ad-free experience offers more features, more stats, and more fun while also helping to support Sporcle. Thank you for becoming a member.

You're not logged in!

Compare scores with friends on all Sporcle quizzes.
OR
Log In

Show Comments

Extras

Top Quizzes Today


Score Distribution

Your Account Isn't Verified!

In order to create a playlist on Sporcle, you need to verify the email address you used during registration. Go to your Sporcle Settings to finish the process.

Report this User

Report this user for behavior that violates our Community Guidelines.

Details: